000 03961nam0a2200409 4500
001 RU\NLR\BIBL_A\016222020
005 20230123091626.0
010 _a978-5-907071-59-9
_920
021 _aRU
_bКН-П-22-074824
_9КН-П-22-6521
035 _a(NLR Aleph) 016222020
035 _a(RuMoRGB)011311421
090 _a12741269
_c12741269
100 _a20221129d2022 k y0rusy50 ca
101 0 _arus
_deng
102 _aRU
105 _ay z 100zy
181 0 _ai4
_baxxe
182 1 _an
200 1 _aАктуальные проблемы взаимодействия общественности с органами государственной власти и органами местного самоуправления
_eматериалы VII Всероссийской научно-практической конференции (Саранск, 26 ноября 2021 г.)
_fСредне-Волжский институт (филиал) федерального государственного бюджетного образовательного учреждения высшего образования "Всероссийского государственного университета юстиции (РПА Минюста России)" в г. Саранске
_gредакционная коллегия: Г. П. Кулешова [и др.]
203 _aТекст
_bвизуальный
_cнепосредственный
210 _aСаранск
_cЮрЭксПрактик
_cСредне-Волжский институт (филиал) ВГУЮ (РПА Минюста России)
_d2022
215 _a270 с.
_d20
300 _aРез. англ.
320 _aБиблиогр. в конце докл.
330 _aВ сборнике публикуются работы ученых, преподавателей, аспирантов, магистрантов по итогам состоявшейся в ноябре 2021 г. VII Всероссийской научно-практической конференции "Актуальные проблемы взаимодействия общественности с органами государственной власти и органами местного самоуправления". Материалы предназначены для научных и практических работников, преподавателей и магистрантов
606 1 _aОрганы государственной власти
_xВзаимодействие с общественными объединениями
_yРоссийская Федерация
_jСъезды, совещания и т.п
_2nlr_sh1
_2nlr_sh2
_3RU\NLR\AUTH\661371787
606 1 _aОрганы местного самоуправления
_xВзаимодействие с общественными организациями
_yРоссийская Федерация
_jСъезды, совещания и т.п
_2nlr_sh2
_3RU\NLR\AUTH\661464526
686 1 _aХ620.61я431
686 1 _aХ621.011.2я431
702 1 _aКулешова
_bГ. П.
_gГалина Петровна
_4340
711 1 2 _a"Актуальные проблемы взаимодействия общественности с органами государственной власти и органами местного самоуправления", всероссийская научно-практическая конференция
_d7
_f2021
_eСаранск
_3RU\NLR\AUTH\880578947
712 0 2 _aВсероссийский государственный университет юстиции
_bСредне-Волжский институт (филиал)
_cСаранск
_3RU\NLR\AUTH\880442285
_4570
942 _cBOOK
980 _aNB